|
|
|
|
| LEADER |
00000naa2a2200000 4500 |
| 001 |
612741 |
| 005 |
20250506142017.0 |
| 035 |
|
|
|a (RuTPU)RU\TPU\conf\10872
|
| 035 |
|
|
|a RU\TPU\conf\10857
|
| 090 |
|
|
|a 612741
|
| 100 |
|
|
|a 20150625d2014 k y0rusy50 ca
|
| 101 |
0 |
|
|a rus
|
| 102 |
|
|
|a RU
|
| 105 |
|
|
|a y z 101zy
|
| 135 |
|
|
|a drgn ---uucaa
|
| 181 |
|
0 |
|a i
|
| 182 |
|
0 |
|a b
|
| 200 |
1 |
|
|a Плазменное получение тепловой энергии из сульфатного лигнина
|f К. Г. Пиунова, А. Г. Каренгин
|
| 203 |
|
|
|a Текст
|c электронный
|
| 225 |
1 |
|
|a Физико-химические и изотопные технологии в науке, промышленности и медицине
|
| 300 |
|
|
|a Заглавие с титульного экрана
|
| 320 |
|
|
|a [Библиогр.: с. 190 (3 назв.)]
|
| 337 |
|
|
|a Adobe Reader
|
| 463 |
|
0 |
|0 (RuTPU)RU\TPU\conf\10637
|t Физико-технические проблемы в науке, промышленности и медицине
|o сборник тезисов докладов VII Международной научно-практической конференции, г. Томск, 3-6 июня 2015 г.
|f Национальный исследовательский Томский политехнический университет (ТПУ) ; под ред. А. Н. Дьяченко [и др.]
|v [С. 189-190]
|d 2015
|
| 610 |
1 |
|
|a труды учёных ТПУ
|
| 610 |
1 |
|
|a электронный ресурс
|
| 610 |
1 |
|
|a плазменное получение
|
| 610 |
1 |
|
|a тепловая энергия
|
| 610 |
1 |
|
|a лигнины
|
| 610 |
1 |
|
|a сульфатный лигнин
|
| 610 |
1 |
|
|a целлюлозно-бумажные предприятия
|
| 700 |
|
1 |
|a Пиунова
|b К. Г.
|c физик
|c техник-проектировщик Томского политехнического университета
|f 1993-
|g Ксения Григориевна
|3 (RuTPU)RU\TPU\pers\32436
|
| 701 |
|
1 |
|a Каренгин
|b А. Г.
|c физик
|c доцент Томского политехнического университета, кандидат физико-математических наук
|f 1950-
|g Александр Григорьевич
|3 (RuTPU)RU\TPU\pers\24286
|9 10751
|
| 712 |
0 |
2 |
|a Национальный исследовательский Томский политехнический университет
|c (2009- )
|9 26305
|
| 801 |
|
2 |
|a RU
|b 63413507
|c 20210210
|g RCR
|
| 850 |
|
|
|a 63413507
|
| 856 |
4 |
|
|u http://earchive.tpu.ru/handle/11683/17419
|
| 856 |
4 |
|
|u http://www.lib.tpu.ru/fulltext/c/2015/C49/159.pdf
|
| 942 |
|
|
|c BK
|